Mystery Taylor Swift Song #88 - Statistics

General Stats
  • This quiz has been taken 303 times
  • The average score is 84 of 170
Answer Stats
Song % Correct
I
99%
a
97%
the
96%
you
96%
Your
91%
me
90%
And
88%
my
88%
to
88%
it
87%
The Tortured Poets Department
87%
so
86%
be
85%
then
85%
in
84%
But
83%
was
83%
When
83%
for
82%
is
82%
That
82%
of
80%
were
79%
if
76%
All
75%
there
75%
this
75%
know
74%
As
73%
can't
73%
at
71%
say
71%
she
68%
are
66%
us
66%
time
65%
been
64%
could
64%
down
64%
one
64%
"Thank
64%
Thank
64%
Aimee"
63%
Aimee
63%
don't
62%
cause
60%
I'd
60%
from
57%
just
57%
up
57%
way
57%
day
56%
home
56%
thanK you aIMee
56%
never
55%
There's
55%
wouldn't
55%
made
54%
night
54%
think
54%
feel
53%
"Fuck
53%
only
51%
our
51%
forget
50%
hadn't
50%
head
50%
sky
49%
statue
49%
here
48%
something
48%
heal
47%
always
46%
mother
46%
or
46%
song
46%
you've
46%
about
45%
bronze
45%
building
45%
dead
45%
hometown
45%
picture
45%
real
45%
used
45%
wished
45%
woman
45%
throwing
44%
knows
43%
Screamed
43%
saintly
42%
nothing
41%
push
41%
still
41%
couldn't
40%
Everyone
40%
gonna
40%
punches
40%
find
39%
kid
39%
school
39%
wasn't
39%
wrote
39%
comes
38%
mind
38%
moment
38%
spray
38%
tanned
38%
built
37%
singing
37%
small
37%
stairs
37%
thousand
37%
truth
37%
two
37%
undo
37%
baby
36%
black
36%
Each
36%
legacy
36%
same
36%
songs
36%
uncool
36%
words
36%
fight
35%
pain
35%
take
35%
any
34%
town
34%
underneath
34%
fair
33%
forgive
33%
ringing
33%
blood
32%
count
32%
gushing
32%
hill
32%
blue
31%
changed
31%
looks
31%
stars
31%
much
30%
name
30%
plaque
30%
pushed
30%
searing
30%
beat
29%
boulder
29%
show
29%
threatens
29%
wait
28%
grave
27%
maybe
27%
scars
27%
clues
26%
dreamed
26%
step
26%
defining
25%
kill
25%
paper
25%
reframed
25%
spirit
25%
clean
24%
headlines
24%
Laughing
24%
local
23%
stomped
23%
across
22%
stunning
20%
prayed
19%
No matching quizzes found
Score Distribution
Percent of People with Each Score
Percentile by Number Answered
Your Score History
You have not taken this quiz